000 00698nam a2200205 i 4500
001 144515
003 ES-MaACL
005 20251114120811.0
007 t|
008 070214s1963 sp |||| | spa d
100 1 _aSilva Melero, Valentín.
_9106404
245 1 3 _aLa prueba procesal.
_n1,
_pTeoría general /
_cValentín Silva Melero ; prólogo del profesor Leonardo Prieto-Castro y Ferrándiz.
260 _aMadrid :
_bRevista de Derecho Privado,
_c1963.
300 _a1 v. (XXI, 314 p.) ;
_c24 cm.
505 8 _aContiene: v. 1
650 0 4 _aPruebas (Derecho)
_916527
700 0 _aPrieto-Castro y Ferrándiz, Leonardo
_993919
852 _aES-MaACL
_jP-803-bis
999 _c144515
_d144515